000
002680000a22000970004500
100
1
_a
Deiros, Pablo A. (Alberto) (1945-)
245
1
0
_a
La religiones de mesoamérica
300
_a
Vol. 7, Num 1 (Marzo de 1988), Páginas 26-29
773
0
_t
Iglesia y Misión
942
_c
ANA
999
_c
51750
_d
51750